Котельные установки и парогенераторы. Курсовое проектирование: учебно-методическое пособие

Библиографические подробности
Главный автор: Карякин С. К. Сергей Кузьмич
Автор-организация: Томский политехнический университет (ТПУ) Институт дистанционного образования (ИДО)
Язык:русский
Опубликовано: Томск, Изд-во ТПУ, 2010
Предметы:
Формат: Книга
Запись в KOHA:https://koha.lib.tpu.ru/cgi-bin/koha/opac-detail.pl?biblionumber=186072

MARC

LEADER 00000nam0a2200000 4500
001 186072
005 20231101223946.0
035 |a (RuTPU)RU\TPU\book\201895 
090 |a 186072 
100 |a 20101025d2010 m y0rusy50 ca 
101 0 |a rus 
102 |a RU 
105 |a a j 001zy 
200 1 |a Котельные установки и парогенераторы. Курсовое проектирование  |e учебно-методическое пособие  |f С. К. Карякин  |g Томский политехнический университет (ТПУ), Институт дистанционного образования (ИДО) 
210 |a Томск  |c Изд-во ТПУ  |d 2010 
215 |a 128 с.  |c ил. 
320 |a Библиогр.: с. 126. 
606 1 |a Котельные установки  |2 stltpush  |3 (RuTPU)RU\TPU\subj\15977  |9 42172 
610 1 |a парогенераторы 
610 1 |a курсовые проекты 
610 1 |a тепловой расчет 
610 1 |a учебные пособия 
610 1 |a труды учёных ТПУ 
675 |a 621.181(075.8)  |v 3 
700 1 |a Карякин  |b С. К.  |c специалист в области теплоэнергетики  |c доцент Томского политехнического университета, кандидат технических наук  |f 1944-  |g Сергей Кузьмич  |2 stltpush  |3 (RuTPU)RU\TPU\pers\27080 
712 0 2 |a Томский политехнический университет (ТПУ)  |b Институт дистанционного образования (ИДО)  |2 stltpush  |3 (RuTPU)RU\TPU\col\12625 
801 1 |a RU  |b 63413507  |c 20101025 
801 2 |a RU  |b 63413507  |c 20210415  |g RCR 
900 |a Котельные установки и парогенераторы 
942 |c BK